Quizzes
Events
Quiz Creation
Community
Videos
Private Events
Remove Ads
Sign In
Join for FREE
Feedback
Dark Mode
Quiz Categories
Sports
Geography
Music
Movies
Television
Just For Fun
Miscellaneous
History
Literature
Language
Science
Gaming
Entertainment
Religion
Holiday
For Kids
Quiz Lab
Recent
Popular Today
Quiz Kudos Today
Editor Picks
Curator Picks
Quizzes by...
Day
Popularity
Type
Ratings
Length
Year
Community
Subscriptions
Recent Discussions
Orange Saloon
Badges
Playlists
Quests
Create
Leaderboards
Showdown
Live 5
Trivia Bingo
Activity
Puzzle Library
Sporcle Events
Private Events
Virtual Trivia
Globe League
Become a Host
Pub Owners
SporcleCon
Opinionation
Our Games
Videos
Blog
Mobile Apps
Partnerships
Remove Ads and Go Orange
Feedback
Music
Pop Music
The Beatles
Song
Album
Lyrics
Bands
Singers
Artist
Clip
Rock
Rap
Classical
Billboard
Country Music
Kpop
Taylor Swift
Music
Pop Music
The Beatles
Song
Album
Lyrics
Bands
Singers
Artist
Clip
Rock
Rap
Classical
Billboard
Country Music
Kpop
Taylor Swift
Random Quiz
Search Sporcle
×
Quiz Lab
Quiz Lab
Music
foolish
Type in answers that appear in a list
Type in answers that appear in a list
Classic
Best Score? Go Orange.
'Foolish Games' Lyrics Stats
Can you name the lyrics to 'Foolish Games' by Jewel?
By
funfood3667
10m
248 Questions
206 Plays
206 Plays
206 Plays
Comments
Comments
Give Quiz Kudos
Give Quiz Kudos
-
- Ratings
hide this ad
Replay
Link that replays current quiz
Next Quiz
Link to next quiz in quiz playlist
You Got
0%
They Got
Avg Score
82%
Avg Friend Score
Upgrade to see
Score Distribution
Jump to the score distribution portion of the page
Score
0/248
Timer
10:00
0
Plays Today
% Correct
the
99.5%
And
99.5%
the
99.5%
and
99.5%
the
99.5%
and
99.5%
And
99.5%
the
99.5%
and
99.5%
and
99.5%
the
99.5%
a
99.5%
And
99.5%
And
99.5%
the
99.5%
I
99%
I
99%
foolish
99%
games
99%
I
99%
I
99%
I
99%
foolish
99%
games
99%
You
98%
you
98%
You
98%
You
98%
you
98%
you
98%
you
98%
me
98%
are
98%
tearing
98%
me
98%
are
98%
you
98%
You
98%
me
98%
you
98%
me
98%
you
98%
are
98%
tearing
98%
me
98%
tearing
98%
me
98%
tearing
98%
me
98%
are
98%
you
98%
These
97%
apart
97%
These
97%
apart
97%
your
95.5%
your
95.5%
your
95.5%
Your
95.5%
your
95.5%
your
95.5%
your
95.5%
in
95%
You're
95%
my
95%
in
95%
You're
95%
my
95%
in
95%
in
95%
In
95%
my
95%
heart
95%
my
95%
breaking
95%
my
95%
heart
95%
You're
95%
breaking
95%
my
95%
heart
95%
You're
95%
in
95%
% Correct
my
95%
my
95%
my
95%
You're
95%
you're
95%
breaking
95%
my
95%
heart
95%
You're
95%
breaking
95%
my
95%
heart
95%
in
95%
You're
95%
on
94.1%
on
94.1%
on
94.1%
on
94.1%
of
94.1%
of
94.1%
to
93.6%
to
93.6%
to
93.6%
to
93.6%
always
92.6%
that
92.6%
Always
92.6%
always
92.6%
always
92.6%
that
92.6%
that
92.6%
that
92.6%
always
92.6%
that
92.6%
like
92.1%
too
92.1%
an
92.1%
like
92.1%
like
92.1%
off
90.1%
rain
90.1%
crazy
90.1%
off
90.1%
off
90.1%
rain
90.1%
crazy
90.1%
some
89.6%
words
89.6%
words
89.6%
one
89.1%
took
88.6%
coat
88.6%
took
88.6%
coat
88.6%
stood
87.1%
with
87.1%
stood
87.1%
with
87.1%
with
87.1%
stood
87.1%
But
86.6%
say
86.6%
thoughtless
86.6%
thoughtless
86.6%
were
86.1%
is
86.1%
is
86.1%
were
86.1%
were
86.1%
This
84.7%
This
84.7%
nothing
83.7%
care
83.2%
doorway
82.2%
morning
82.2%
over
81.7%
who
81.7%
cool
81.2%
down
81.2%
knees
81.2%
see
80.7%
coffee
80.7%
before
79.2%
% Correct
eyes
78.7%
comment
78.7%
Smoking
78.7%
weather
78.2%
cigarettes
78.2%
for
78.2%
hair
77.7%
As
77.7%
talking
77.2%
more
77.2%
sensitive
76.7%
Well
76.7%
loved
76.7%
loved
76.7%
bleeding
75.7%
gave
75.7%
was
75.2%
Dark
74.8%
ones
74.8%
somebody
74.8%
Somebody
74.8%
Somebody
74.8%
brilliant
74.3%
damn
74.3%
myself
74.3%
notice
73.8%
failed
72.8%
failed
72.8%
from
72.3%
case
72.3%
case
72.3%
I've
71.8%
careless
71.3%
Mozart
71.3%
window
70.8%
guitar
70.8%
else
70.8%
mysterious
70.3%
looking
69.8%
speak
69.8%
mistaken
69.3%
outside
68.8%
you'd
68.3%
You'd
68.3%
Excuse
67.3%
fashionably
66.8%
Besides
66.8%
clumsily
66.3%
watched
65.3%
strummed
63.9%
felt
61.9%
moved
54.5%
philosophies
53.5%
art
53.5%
Baroque
51.5%
what
47.5%
things
42.6%
Things
42.6%
things
42.6%
Things
42.6%
guess
42.1%
have
41.6%
hands
40.1%
did
38.1%
knew
37.6%
gone
35.6%
back
34.2%
honest
33.7%
honest
33.7%
teach
33.2%
behind
32.7%
must
31.7%
hid
30.7%
clean
30.2%
mean
29.7%
Somewhere
27.7%
soiled
26.7%
track
26.7%
daring
26.2%
along
26.2%
line
25.7%
dollar
24.3%
Quiz Playlist
Details
Report
Send in Message
Add To Playlist
Classic:
Type in answers that appear in a list
Last Updated: Feb 16, 2017
Quiz Scoreboard
CHALLENGE
Sign Up to Join the Scoreboard
Show All
Scores
Hide
Comments
May contain spoilers
Recently Published
Movies - When Are They Set?
by FPL_Elf
Movies
5m
Popular People in 1961
by mucciniale
History
6m
1-10 Letter E Words III
by El_Dandy
Language
2m
More to Explore
Quiz From the Vault
Featured Blog Post
Where Did the Easter Bunny Come From?
hide this ad
You Might Also Like...
Tags
foolish
Jewel
Today's Top Quizzes in Music
Browse Music
hide this ad
Top Contributed Quizzes in Music
1
Taylor Swift All Songs (2024)
2
2010s Album by Cover III
3
Guess the Artist- 70s Songs
4
One Thing in Common: Music
5
Taylor Swift Logic Puzzle
6
Guess the Taylor Swift song (Mystery Song)
7
2010s Album by Cover IV
8
2010s Album by Cover V
9
KPOP LOGIC QUIZ
10
Kpop Logic Quiz
Explore More
Trending Topics
Kpop
Disney
Harry Potter
Marvel
Crossword
NBA
Anime
Pokémon
Country
Song
Puzzle
Soccer
NFL
WWE
The Office
hide this ad
More By:
funfood3667
Quiz
Plays
Rating
Category
Featured
Created
Country Music Singers
733
3.75
Music
Nov 30, 2011
Disney Descendants Lyrics - Evil Like Me
653
4.00
Music
Aug 6, 2019
Baby Names: C (Boys 1994)
493
4.75
Miscellaneous
Nov 7, 2013
'She's So Gone' Lyrics - Lemonade Mouth
462
5.00
Music
Feb 7, 2021
Baby Names: B (Boys 1994)
415
4.50
Miscellaneous
Nov 4, 2013
Go to Creator's Profile
Score Distribution
Quiz Creator Spotlight
funfood3667
Follow
Send a Message
Quizzes Created
-
Created Quiz Play Count
-
More By This Creator
Popular Quizzes Today
1
Find the Countries of Europe - No Outlines Minefield
2
Find the US States - No Outlines Minefield
3
The Countries of the World
4
Popular People in 1961
5
US States
6
1-10 Letter E Words III
7
Find the US States
8
One Thing in Common: World Cities II
More Music Quizzes
Country Songs by Rock Acts Clickable
Editor's Pick
Trending Quizzes
Risky Map Clicking: Least Populous States A-Z
1-10 Letter F Words
1-10 Letter G Words
One Thing in Common: United Kingdom
Risky Map Clicking: Next State Alphabetically
Recently Updated
Leaping Animals
pecheneg
Reality TV Shows (A-Z)
bhenderson79
Rickey Henderson's Hall of Fame Teammates
pecheneg
Champions League XIs: Arsenal
pecheneg
Quick Pick: Celebrities in WWE's Hall of Fame
aduchscher
A-Z Keypad Blitz II
pecheneg
Multiple Oscar Actors
pecheneg
Mystery Phrase Blitz: Oscar 'Best Actors'
pecheneg
F. Scott Fitzgerald Novels
LTH
Pick 3 Villains
ddd62291
Trending Topics
Crossword
Harry Potter
Marvel
Anime
Kpop
NBA
Disney
NFL
The Office
WWE
Song
Pokémon
Soccer
Puzzle
Country
Your Account Isn't Verified!
In order to create a playlist on Sporcle, you need to verify the email address you used during registration. Go to your
Sporcle Settings
to finish the process.
Report this User
Report this user for behavior that violates our
Community Guidelines
.
Details:
Send Report
Go to the Sporcle.com Mobile Site →
Comments